| 000 | 00566nam a22001577a 4500 | ||
|---|---|---|---|
| 008 | 111215t xxu||||| |||| 00| 0 eng d | ||
| 020 | _a1561341967 | ||
| 050 | _aHC101.A635.C671 | ||
| 245 |
_aEconomics 93/94 / _cedited by Don Cole |
||
| 260 |
_aGuilford: _bDushkin Publishing, _cc1993. |
||
| 300 |
_a240 p. _bill. _c28cm. |
||
| 500 | _aIncludes index. | ||
| 505 | _aContents: Introduction -- Microeconomics -- Income distribution and economic justice -- Macroeconomics -- The Changing global economy. | ||
| 650 | _aUnited States-economic conditions | ||
| 942 |
_2lcc _cBK |
||
| 999 |
_c411 _d7911 |
||